000
00297nam a22001337a 4500
008
170406b xxu||||| |||| 00| 0 eng d
020
_a
34229
041
_a
eng
080
_2
6TH
_a
616.15
100
_a
9
101
_a
SHM
245
_a
LABORATORY MEDICINE HEMATOLOGY
_c
MIALE, J.B
942
_2
udc
_c
BK
999
_c
9920
_d
9920